000 00769nas a2200241 4500
001 BR7800421
003 BR-BrBNA
005 20231205083304.0
007 ta
008 230509b bl.|||p| |||| 00| 00por d
040 _aBR-BrBNA
_bpor
_cBiblioteca Nacional de Agricultura
041 _a(Pt)
072 _aL30
100 1 _aVaz, G.L.
100 1 _aGarcia, M.A.
245 1 _aTres modalidades de suplementacao do campo nativo na terminacao de novilhos
650 _aNUTRICAO ANIMAL
650 _aNOVILHO
650 _aSUPLEMENTO CONCENTRADO
773 0 _tAnuario Tecnico do Instituto de Pesquisas Zootecnicas Francisco Osorio (Brazil)
_xISSN 0100-2546
_g(Jul 1977), v. 4 p. 453-459
_wBR7800421
909 _a202311
_bLúcia
_c55
_dLúcia Elande
942 _2AGRIS
_n0
_cANA
999 _c97749
_d97749